Países Mais Adivinhados no JetPunk - Statistics

Estatísticas Gerais
  • Esse quiz foi jogado 22 067 vezes
  • A pontuação média é 18 de 21
Estatísticas das Respostas
Adivinhados País % Correto
97% Brasil
100%
96% Estados Unidos
99%
95% Canadá
95%
94% China
95%
95% Argentina
94%
93% França
94%
94% Rússia
94%
95% México
92%
91% Espanha
90%
92% Portugal
90%
90% Alemanha
89%
92% Japão
89%
92% Itália
85%
92% Austrália
84%
93% Chile
78%
87% Índia
74%
90% Uruguai
74%
89% África do Sul
68%
86% Peru
66%
89% Paraguai
65%
86% Bolívia
59%
Nenhum quiz correspondente encontrado
Distribuição das Pontuações
Porcentagem de Pessoas com Cada Pontuação
Percentil de Números Respondidos
Sua Pontuação Histórica
Você não jogou esse quiz